| 000 | 004790000a22001930004500 | ||
|---|---|---|---|
| 003 | LK-CoMWRAF | ||
| 005 | 20231103143446.0 | ||
| 008 | 230817t ||||| |||| 00| 0 eng d | ||
| 020 | _a0552149519 | ||
| 040 |
_aLK-CoMWRAF _dLK-CoMWRAF _eLK-CoMWRAF |
||
| 041 | _aeng | ||
| 082 |
_a813.54 _bBRO |
||
| 100 | _aBrown, Dan | ||
| 245 | _aDavinci code | ||
| 260 |
_aLondon : _bTransworld publications, |
||
| 300 | _a604p | ||
| 650 | _aMotion picture music--Excerpts | ||
| 942 | _cBK | ||
| 999 |
_c2103 _d2103 |
||